000 00274nam a2200121 a 4500
008 101022s1977|||| d
100 1 _aLie, Jonas
245 1 0 _aLodivod a jeho žena
260 _bSmena
_aBratislava
_c1977
020 _c22
041 _aslo
044 _axo
_cSK
999 _c12047
_d12047